|
|
|
|
| LEADER |
00000nab a2200000ua 4500 |
| 001 |
vtls010855179 |
| 003 |
SK-MaSNL |
| 005 |
20260303141313.0 |
| 008 |
230222s2009 xo |||||||||||||||||slo| |
| 035 |
|
|
|a (urnnbn)urn:nbn:sk:snk:ar-a07gvv
|
| 035 |
|
|
|a urn:nbn:sk:snk-ab6ek3
|
| 035 |
|
|
|a (uuid)def34e8f-4fb4-4dc9-accb-e6926b4d9899
|
| 040 |
|
|
|a SNKBUCL
|b slo
|c SNKBUCL
|e AACR2
|
| 041 |
0 |
|
|a slo
|
| 044 |
|
|
|a xo
|c SK
|
| 100 |
1 |
|
|a Makýš, Oto,
|d 1962-
|4 aut
|9 199942
|
| 245 |
1 |
0 |
|a Torzá murív
|c Oto Makýš
|
| 773 |
0 |
|
|t Stavebné materiály : technológie, výrobky, konštrukcie
|g Roč. 5, č. 11 (2009), s. 50-52
|
| 954 |
|
|
|a odborná, vedecká literatúra pôvodná (slovenská)
|2 lita
|
| 958 |
|
|
|a OND
|
| 958 |
|
|
|a EUIPO
|
| 958 |
|
|
|a article5
|
| 999 |
|
|
|c 1975347
|d 1977277
|